Ngữ văn 6 Sách giáo khoa thí điểm T.2

Đã lưu trong:
書目詳細資料
主要作者: Nguyễn, Khắc Phi
其他作者: Nguyễn, Đình Chú
格式: 圖書
語言:Undetermined
出版: H. Giáo dục 2000
主題:
在線閱讀:http://lrc.tdmu.edu.vn/opac/search/detail.asp?aID=2&ID=4699
標簽: 添加標簽
沒有標簽, 成為第一個標記此記錄!
Thư viện lưu trữ: Trung tâm Học liệu Trường Đại học Thủ Dầu Một
LEADER 00699nam a2200229Ia 4500
001 TDMU_4699
008 210410s9999 xx 000 0 und d
082 |a 373.2366 
090 |b NG525 
100 |a Nguyễn, Khắc Phi 
245 0 |a Ngữ văn 6 
245 0 |b Sách giáo khoa thí điểm 
245 0 |c Nguyễn Khắc Phi 
245 0 |n T.2 
260 |a H. 
260 |b Giáo dục 
260 |c 2000 
300 |a 152tr 
650 |a Ngữ văn  |x Dạy và học ; Sách lớp 6 
700 |a Nguyễn, Đình Chú 
856 |u http://lrc.tdmu.edu.vn/opac/search/detail.asp?aID=2&ID=4699 
980 |a Trung tâm Học liệu Trường Đại học Thủ Dầu Một